| 000 | 00789nam a2200277 4500 | ||
|---|---|---|---|
| 003 | OSt | ||
| 005 | 20260530113841.0 | ||
| 008 | 260505b2007 |||||||| |||| 00| 0 spa d | ||
| 020 | _a10 9689268007 | ||
| 040 |
_aICI _bspa _cICI |
||
| 041 | _aspa | ||
| 050 |
_aGC251 _bH84 2007 |
||
| 100 | 1 |
_aAlfonso Huerta Ceballos, EtAlt, _eautor _930217 |
|
| 245 | 1 | 0 | _aMares de México |
| 264 | 1 |
_bAlfonso Huerta _c2007 |
|
| 300 | _a420 páginas | ||
| 336 |
_atexto _2rdacontent |
||
| 337 |
_asin medio _2rdamedia |
||
| 338 |
_avolumen _2rdacarrier |
||
| 500 | _aContiene un CD ROM | ||
| 650 |
_aMares _zMéxico. _930218 |
||
| 650 |
_aOceanografía _zMéxico. _930219 |
||
| 650 |
_aRecursos marinos _zMéxico. _930220 |
||
| 651 |
_aMéxico _xCondiciones geográficas. _930221 |
||
| 942 |
_2lcc _cBK _n1 |
||
| 999 |
_c11121 _d11121 |
||